00511nam a2200133Ia 4500008004100000020001800041100002100059245009000080260003900170650002600209856005000235999001900285952007300304171212s9999 xx 000 0 und d a9781925261042 aEdmonds, Phillip cEdmonds, PhillipaTilting at Windmillsbthe literary magazine in Australia, 1968-2012 bUniversity of Adelaide Pressc2015 aLanguage & Literature uhttp://jstor.org/stable/10.20851/j.ctt1sq5wf6 c352951d352951 001040aCLbCLd2017-12-12l0r2017-12-12 00:00:00w2017-12-12yCBE